Азия: Страны, столицы, валюты, языки и т.д. - Statistics

General Stats
  • This quiz has been taken 13 times
  • The average score is 130 of 317
Answer Stats
Страны Азии % Correct
Китай
90%
Республика Корея
90%
Таджикистан
90%
Япония
90%
Азербайджан
80%
Бахрейн
80%
Вьетнам
80%
Казахстан
80%
Пекин
80%
юань
80%
Корейская Народно-Демократическая Республика
80%
Пхеньян
80%
Сеул
80%
Сингапур
80%
Таиланд
80%
Филиппины
80%
Баку
70%
Армения
70%
Афганистан
70%
афгани
70%
Израиль
70%
Иерусалим
70%
Индонезия
70%
Ирак
70%
Багдад
70%
Иран
70%
Йемен
70%
Катар
70%
Кыргызстан
70%
суннитский ислам
70%
Лаос
70%
Монголия
70%
Мьянма
70%
Объединённые Арабские Эмираты
70%
Саудовская Аравия
70%
Шри-Ланка
70%
Токио
70%
шиитский ислам
60%
Ереван
60%
Бангладеш
60%
брунейский доллар
60%
Бутан
60%
доллар США
60%
Ханой
60%
Грузия
60%
Тбилиси
60%
Индия
60%
Джакарта
60%
Тегеран
60%
тенге
60%
Камбоджа
60%
Доха
60%
Бишкек
60%
кип
60%
Ливан
60%
Малайзия
60%
Куала-Лумпур
60%
Улан-Батор
60%
Непал
60%
Оман
60%
Пакистан
60%
сингапурский доллар
60%
Сирия
60%
Тайвань
60%
новый тайваньский доллар
60%
Туркменистан
60%
Ашхабад
60%
Узбекистан
60%
иена
60%
армянский
50%
Бруней
50%
вьетнамский
50%
православное христианство
50%
новый шекель
50%
Нью-Дели
50%
Астана
50%
атеизм
50%
Пномпень
50%
Кипр
50%
китайский
50%
корейский
50%
сом
50%
Мальдивы
50%
тугрик
50%
Катманду
50%
Абу-Даби
50%
Эр-Рияд
50%
Дамаск
50%
Душанбе
50%
Бангкок
50%
бат
50%
Турция
50%
Ташкент
50%
Манила
50%
азербайджанский манат
40%
азербайджанский
40%
драм
40%
Кабул
40%
Манама
40%
арабский
40%
Тхимпху
40%
католическое христианство
40%
грузинский
40%
иврит
40%
индийский (хинди)
40%
английский
40%
индуизм
40%
Иордания
40%
иранский риал
40%
Сана
40%
йеменский риал
40%
русский
40%
катарский риал
40%
Никосия
40%
евро
40%
северо-корейская вона
40%
Кувейт
40%
Эль-Кувейт
40%
Бейрут
40%
оманский риал
40%
Исламабад
40%
южно-корейская вона
40%
саудовский риал
40%
туркменский манат
40%
Анкара
40%
сум
40%
филиппинское песо
40%
японский
40%
0,477
40%
0,598
40%
0,840
40%
10,831
40%
11,001
40%
11,053
40%
12,251
40%
1,287
40%
14,986
40%
1,503
40%
18,360
40%
1,864
40%
20,546
40%
22,048
40%
24,102
40%
26,583
40%
3,028
40%
31,075
40%
34,563
40%
35,324
40%
3,621
40%
36,454
40%
3,700
40%
3,806
40%
39,850
40%
46,347
40%
48,718
40%
52,816
40%
5,679
40%
57,063
40%
6,479
40%
6,581
40%
7,174
40%
8,004
40%
8,310
40%
9,519
40%
9,812
40%
персидский (пушту)
30%
суннитский ислам
30%
Дакка
30%
бенгальский
30%
бахрейнский динар
30%
малайский
30%
Восточный Тимор
30%
донг
30%
лари
30%
иудаизм
30%
индийская рупия
30%
индонезийская рупия
30%
иорданский динар
30%
иракский динар
30%
персидский (фарси)
30%
кувейтский динар
30%
киргизский
30%
Вьентьян
30%
лаосский
30%
ливанский фунт
30%
Мале
30%
монгольский
30%
Нейпьидо
30%
непальская рупия
30%
непальский
30%
Маскат
30%
пакистанская рупия
30%
индийский (урду)
30%
сирийский фунт
30%
сомони
30%
персидский (таджикский)
30%
тайский
30%
Тайбэй
30%
лира
30%
филиппинский
30%
Шри-Джаяварденепура-Котте
30%
шри-ланкийская рупия
30%
120,060
30%
71,372
30%
дари
20%
така
20%
Бандар-Сери-Бегаван
20%
нгултрум
20%
дзонг-кэ
20%
Хошимин
20%
Нусантара
20%
индонезийский
20%
Амман
20%
курдский
20%
казахский
20%
риель
20%
кхмерский
20%
греческий
20%
турецкий
20%
ринггит
20%
руфия
20%
мальдивский
20%
кьят
20%
бирманский
20%
Дубай
20%
дирхам ОАЭ
20%
ибадитский ислам
20%
тамильский
20%
туркменский
20%
Стамбул
20%
сингальский
20%
103,883
20%
90,279
20%
93,111
20%
армянское апостольское христианство
10%
буддизм (махаяна)
10%
Дили
10%
восточно-тиморское сентаво
10%
тетум
10%
португальский
10%
коренная вера
10%
абхазский
10%
Аден
10%
Алматы
10%
буддизм (тхеравада)
10%
Чунцин
10%
Путраджая
10%
Янгон
10%
Карачи
10%
Алеппо
10%
узбекский
10%
Коломбо
10%
125,737
10%
1483,495
10%
1484,866
10%
176,547
10%
249,112
10%
294,543
10%
No matching quizzes found
Score Distribution
Percent of People with Each Score
Percentile by Number Answered
Your Score History
You have not taken this quiz